[Event "Quindio Region-ch Amateur"]
[Site "Armenia"]
[Date "2020.02.16"]
[Round "3.5"]
[White "Triana Castro, Francisco Javier"]
[Black "Restrepo, Jose Hector"]
[Result "1-0"]
[WhiteElo "1668"]
[BlackElo "1640"]
[PlyCount "93"]
[EventDate "2020.02.15"]
[EventType "swiss"]
[EventRounds "7"]
[EventCountry "COL"]
[SourceTitle "EXT 2024"]
[Source "ChessBase"]
[SourceDate "2023.10.10"]
[SourceVersion "1"]
[SourceVersionDate "2023.10.10"]
[SourceQuality "1"]

1. d4 d5 2. Bg5 Nf6 3. Bxf6 gxf6 4. e3 Bg7 5. Ne2 0-0 6. Ng3 Kh8 7. Bd3 e5 8. c3 e4 9. Be2 Qd6 10. Nd2 Nc6 11. 0-0 Ne7 12. c4 c6 13. cxd5 cxd5 14. Nh5 Rg8 15. Nb1 f5 16. Nc3 a6 17. a3 Bh6 18. b4 Qg6 19. g3 Qd6 20. Kh1 Bd7 21. Qb3 Rac8 22. Rac1 Rc7 23. Na4 Bxa4 24. Qxa4 b5 25. Qb3 Rgc8 26. Rc5 Rxc5 27. bxc5 Qg6 28. a4 Rb8 29. axb5 axb5 30. Ra1 Qc6 31. Ra7 Bf8 32. Qb4 Qc8 33. Qb2 b4 34. Qb3 Qc6 35. Nf4 Kg8 36. h4 Nc8 37. Ra6 Qb7 38. Nxd5 Ne7 39. Nf6+ Kg7 40. Rb6 Qa7 41. Nh5+ Kg8 42. Rxb4 Rxb4 43. Qxb4 Nd5 44. Qb2 Qa5 45. Bc4 Qe1+ 46. Kg2 Nc3 47. Qb7 1-0

[Event "Quindio Region-ch"]
[Site "Cucuta"]
[Date "2017.04.01"]
[Round "2.4"]
[White "Restrepo, Jose Hector"]
[Black "Triana Castro, Francisco Javier"]
[Result "1-0"]
[WhiteElo "1620"]
[BlackElo "1546"]
[PlyCount "114"]
[EventDate "2017.04.01"]
[EventType "swiss"]
[EventRounds "5"]
[EventCountry "COL"]
[SourceTitle "EXT 2024"]
[Source "ChessBase"]
[SourceDate "2023.10.10"]
[SourceVersion "1"]
[SourceVersionDate "2023.10.10"]
[SourceQuality "1"]

1. e4 d5 2. exd5 Qxd5 3. Nc3 Qa5 4. d4 c6 5. Nf3 Bg4 6. h3 Bh5 7. g4 Bg6 8. Ne5 e6 9. Bg2 Nf6 10. Qe2 Nbd7 11. Nxg6 hxg6 12. 0-0 Bd6 13. Bd2 Qc7 14. f4 0-0-0 15. a3 Nb6 16. b4 a6 17. Ne4 Nxe4 18. Qxe4 Nc4 19. Qe2 Nxd2 20. Qxd2 e5 21. fxe5 Bxe5 22. c3 Bh2+ 23. Kh1 Rh4 24. Qf2 Rdh8 25. Qxf7 Qg3 26. Rf3 Qd6 27. Re1 Bg3 28. Re8+ Rxe8 29. Qxe8+ Kc7 30. Rf7+ Kb6 31. a4 Rh7 32. a5+ Ka7 33. Qg8 Rxh3+ 34. Bxh3 Qd5+ 35. Bg2 Qg5 36. Rxb7+ Kxb7 37. Qf7+ Bc7 38. Qf3 Qh4+ 39. Kg1 Qe1+ 40. Bf1 Qd2 41. Bg2 Qe1+ 42. Bf1 g5 43. d5 Bf4 44. dxc6+ Kc7 45. Kg2 Qh4 46. Qh3 Qe1 47. Qf3 Qd2+ 48. Be2 Be5 49. Qf7+ Kxc6 50. Qe6+ Bd6 51. Qc8+ Kd5 52. Qf5+ Be5 53. c4+ Kd6 54. c5+ Kc6 55. Qxe5 Qxb4 56. Qd6+ Kb7 57. Qxa6+ Kc7 1-0